|
|
|
|
| LEADER |
00000cam a2200000 i 4500 |
| 003 |
Ucuenca |
| 005 |
20231221220007.0 |
| 006 |
a||||fr|||| 001 | |
| 007 |
ta |
| 008 |
012120t20122012ag aaaafr|||| 001|| spa a |
| 020 |
|
|
|a 978-950-555-404-1
|
| 040 |
|
|
|b spa
|
| 041 |
0 |
|
|a spa
|
| 082 |
0 |
|
|2 22
|a 636.089 796
|c 254771
|
| 100 |
1 |
|
|a Otero, Pablo E.
|9 108442
|e autor
|
| 245 |
1 |
0 |
|a Protocolos anestésicos y manejo del dolor en pequeños animales:
|b reporte de casos /
|c Pablo E. Otero.
|
| 250 |
|
|
|a Primera edición.
|
| 264 |
|
1 |
|a Buenos Aires:
|b Editorial Inter Médica,
|c 2012.
|
| 264 |
|
4 |
|c ®2012
|
| 300 |
|
|
|a 256 páginas:
|b ilu
|c 28 cm
|
| 504 |
|
|
|a incl. bibind.
|
| 520 |
3 |
|
|a La siguiente obra analiza los detalles y consideraciones previas a la elección del protocolo anestésico y el cuidado del paciente. Mediante un minucioso abordaje, se ilustran diferentes reportes de casos clínicos reales que reproducen situaciones de la rutina de trabajo.
|
| 650 |
1 |
7 |
|a Anestesia veterinaria
|9 72605
|
| 650 |
2 |
7 |
|a Anestesia
|x protocolos
|9 272528
|
| 852 |
|
|
|a UC-YANUNCAY
|
| 942 |
|
|
|c BK
|0 33
|z diana.leon@ucuenca.edu.ec
|2 ddc
|r bladimir.cabrerar@ucuenca.edu.ec
|
| 999 |
|
|
|c 64789
|d 64789
|